La creatividad : un enfoque dinamizador de las personas y las organizaciones /

Gardado en:
Detalles Bibliográficos
Autor Principal: Churba, Carlos Alberto (autor)
Formato: Libro
Idioma:Lingua castelá
Publicado: Buenos Aires, Argentina : Dunken, 2007, c2007
Edición:7a edición
Temas:
Etiquetas: Engadir etiqueta
Sen Etiquetas, Sexa o primeiro en etiquetar este rexistro!

MARC

LEADER 00000nam^a2200000^a^4500
001 000323999
005 20250521000000.0
009 20260310113655.654
020 |a 978-987-02-2644-4 
037 |a Acervo ITESO - Biblioteca 
041 |a ESP 
082 |a 153. 35  |b CHU 
100 |a Churba, Carlos Alberto  |e (autor) 
245 1 3 |a La creatividad :  |b un enfoque dinamizador de las personas y las organizaciones /  |c C.A. Churba. 
250 |a 7a edición 
264 4 |a Buenos Aires, Argentina :  |b Dunken,  |c 2007, c2007 
300 |a 131 p. 
336 |a texto  |b txt  |2 rdacontenido 
337 |a sin mediación  |b n  |2 rdamedio 
338 |a volumen  |b nc  |2 rdasoporte 
521 |a 2012 BO Licenciatura en Publicidad y Comunicación Estratégica 
649 |a XX 
650 |a Creatividad -  |x Tema Principal 
650 |a Habilidades de Pensamiento 
650 |a Psicología Cognitiva 
650 |a Recursos Humanos 
650 |a Psicología 
910 |a Fondo General 
920 |a Impresos - Libros 
930 |a Colección General 
905 |a 101 
901 |a 0500211737  |b IT1  |c ACC  |i C133428  |u 20250521 
902 |a https://opac.biblio.iteso.mx/vufind/Record/000323999